Mario Kart World Roster - Statistics

General Stats
  • This quiz has been taken 130 times
    119 since last reset
  • The average score is 35 of 50
Answer Stats
Answer % Correct
Mario
97%
Peach
94%
Luigi
92%
Rosalina
92%
Bowser
91%
Daisy
91%
Baby Luigi
89%
Baby Mario
89%
Baby Peach
89%
Moo Moo
89%
Baby Daisy
88%
Baby Rosalina
88%
Bowser Jr.
86%
Donkey Kong
84%
Yoshi
84%
Waluigi
83%
Wario
83%
Goomba
81%
Koopa Troopa
81%
Toad
81%
King Boo
78%
Birdo
77%
Dry Bones
77%
Pauline
77%
Toadette
73%
Cheep Cheep
66%
Shy Guy
64%
Wiggler
63%
Piranha Plant
61%
Snowman
61%
Pokey
59%
Hammer Bro
58%
Monty Mole
58%
Penguin
58%
Pianta
58%
Sidestepper
58%
Lakitu
56%
Spike
56%
Swoop
55%
Nabbit
55%
Stingby
55%
Chargin' Chuck
53%
Dolphin
53%
Coin Coffer
50%
Conkdor
48%
Para-Biddybud
47%
Peepa
47%
Cataquack
44%
Rocky Wrench
42%
Fish Bones
36%
No matching quizzes found
Score Distribution
Percent of People with Each Score
Percentile by Number Answered
Your Score History
You have not taken this quiz since the last reset